000 00721nam a2200205 a 4500
001 000040298
005 20240305100859.0
008 130802s2004 mx r 000 0 spa d
020 _a9703216544
040 _aDO-SdBNP
_bspa
_cBNPHU
082 _axxxx
_bM385a
100 1 _aMartínez Moreno, Carlos,
_d1917-1986
_99855
245 1 4 _aLos aborígenes /
_cCarlos Martínez Moreno ; introducción Rocío Antúñez Olivera.
260 _aMéxico :
_bUniversidad Nacional Autónoma de México,
_c2004.
300 _axiii, 61 p. ;
_c18 cm.
490 1 _aRelato Licenciado Vidriera
_v20
590 _aInventariado, 2019/BT
700 1 _aAntúñez Olivera, Rocio,
_eintr.
_966582
830 0 _aRelato Licenciado Vidriera
_n20
_966583
999 _c39788
_d39788